| 000 | 00480nam a2200181Ia 4500 | ||
|---|---|---|---|
| 001 | 20130 | ||
| 005 | 20260306172743.0 | ||
| 008 | 260306t2008||||xx |||||||||||||| ||spa|| | ||
| 041 | _aESP | ||
| 082 |
_a342.52 _bA151 |
||
| 100 |
_aAmbos, Kai _eAUT |
||
| 245 | 0 |
_aMarco jurídico de la justicia de transición: _bespecial referencia al caso colombiano |
|
| 260 | _c2008 | ||
| 300 |
_axv, 215 páginas : _c16 cm. |
||
| 650 | _aGEN | ||
| 654 | _aCDE | ||
| 942 |
_cLIB _dJUS _fJUS _2ddc _n |
||
| 999 |
_c20130 _d20130 |
||